Էջմիածին=Эчмиадзин=Etchmiadsin / (Record no. 44313)
[ view plain ]
| 000 -LEADER | |
|---|---|
| fixed length control field | 00897nam a2200229Ia 4500 |
| 003 - CONTROL NUMBER IDENTIFIER | |
| control field | SEM |
| 005 - DATE AND TIME OF LATEST TRANSACTION | |
| control field | 20220926113346.0 |
| 008 - FIXED-LENGTH DATA ELEMENTS--GENERAL INFORMATION | |
| fixed length control field | 141116s1978 ai ||||gr||||||01|0 arm|d |
| 040 ## - CATALOGING SOURCE | |
| Original cataloging agency | SEM |
| Transcribing agency | SEM |
| 041 ## - LANGUAGE CODE | |
| Language code of text/sound track or separate title | arm |
| -- | rus |
| -- | eng |
| 080 ## - UNIVERSAL DECIMAL CLASSIFICATION NUMBER | |
| Universal Decimal Classification number | 726.5(47.925)/Հ-42 |
| 100 10 - MAIN ENTRY--PERSONAL NAME | |
| Personal name | Հարությունյան, Վարազդատ |
| Fuller form of name | (Haroutiounian, Varazdat) |
| 245 10 - TITLE STATEMENT | |
| Title | Էջմիածին=Эчмиадзин=Etchmiadsin / |
| Statement of responsibility, etc. | Վ. Հարությունյան; Խմբ.` Ա. Շարուբյան |
| 246 ## - VARYING FORM OF TITLE | |
| Title proper/short title | |
| 260 ## - PUBLICATION, DISTRIBUTION, ETC. | |
| Place of publication, distribution, etc. | Երևան : |
| Name of publisher, distributor, etc. | «Սովետական գրող» հրատ., |
| Date of publication, distribution, etc. | 1978. |
| 300 ## - PHYSICAL DESCRIPTION | |
| Extent | 47 էջ ; |
| Other physical details | նկ.; |
| Dimensions | 25 սմ |
| 650 ## - SUBJECT ADDED ENTRY--TOPICAL TERM | |
| Topical term or geographic name entry element | Հայ ճարտարապետություն |
| General subdivision | Էջմիածին |
| 650 ## - SUBJECT ADDED ENTRY--TOPICAL TERM | |
| Topical term or geographic name entry element | Հայկական եկեղեցիներ |
| General subdivision | ճարտարապետություն |
| Form subdivision | պատմություն |
| 653 ## - INDEX TERM--UNCONTROLLED | |
| Uncontrolled term | ՍԷՄ |
| 700 ## - ADDED ENTRY--PERSONAL NAME | |
| Personal name | Շարուբյան Ա. |
| Relationship | edt. |
| Relator term | խմբ. |
| 942 ## - ADDED ENTRY ELEMENTS (KOHA) | |
| Source of classification or shelving scheme | Universal Decimal Classification |
| Koha item type | Գրքեր/Books |
| Withdrawn status | Lost status | Source of classification or shelving scheme | Damaged status | Not for loan | Collection code | Home library | Current library | Date acquired | Cost, normal purchase price | Inventory number | Total Checkouts | Full call number | Barcode | Date last seen | Price effective from | Koha item type | Public note |
|---|---|---|---|---|---|---|---|---|---|---|---|---|---|---|---|---|---|
| Universal Decimal Classification | Գրապահոց | Մայր Աթոռ Սուրբ Էջմիածին «Վաչե և Թամար Մանուկյան» Մատենադարան | Մայր Աթոռ Սուրբ Էջմիածին «Վաչե և Թամար Մանուկյան» Մատենադարան | 16/11/2014 | 1000.00 | 1676 | 726.5(47.925)/Հ-42 | 1676 | 16/11/2014 | 16/11/2014 | Գրքեր/Books | Սպասարկվում է ընթերցասրահ | |||||
| Universal Decimal Classification | Գրապահոց | Մայր Աթոռ Սուրբ Էջմիածին «Վաչե և Թամար Մանուկյան» Մատենադարան | Մայր Աթոռ Սուրբ Էջմիածին «Վաչե և Թամար Մանուկյան» Մատենադարան | 10/06/2019 | 1000.00 | 27611 | 726.5(47.925)/Հ-42 | 27611 | 10/06/2019 | 10/06/2019 | Գրքեր/Books | Սպասարկվում է 30 օր | |||||
| Universal Decimal Classification | Գրապահոց | Մայր Աթոռ Սուրբ Էջմիածին «Վաչե և Թամար Մանուկյան» Մատենադարան | Մայր Աթոռ Սուրբ Էջմիածին «Վաչե և Թամար Մանուկյան» Մատենադարան | 15/09/2022 | 500.00 | Խաչ-1046 | Խաչ-1046 | Խաչ-1046 | 15/09/2022 | 15/09/2022 | Գրքեր/Books | Սպասարկվում է 30 օր |